Spell the Marvel Character #252 - Statistics

General Stats
  • This quiz has been taken 20 times
  • The average score is 17 of 24
Answer Stats
Picture Answer % Correct
Black Widow
92%
Daredevil
92%
Iron Fist
92%
Thor
92%
Echo
85%
Elektra
85%
Hawkeye (Kate Bishop)
85%
Rogue
85%
Tigra
85%
Armor
77%
Galacta
77%
Ironheart
77%
U.S. Agent
77%
Thundra
69%
U-Go Girl
69%
Reptil
62%
Ursa Major
62%
Forge
54%
Gorgon
54%
Tiger's Beautiful Daughter
54%
Aero
46%
Enigma
46%
Sersi
46%
Loa
23%
No matching quizzes found
Score Distribution
Percent of People with Each Score
Percentile by Number Answered
Your Score History
You have not taken this quiz